Storage conditions and its effect on amylose content and gelatinization temperature of three rice varieties IR 66 phka romdeng and car1 លក្ខខណ្ឌនៃការស្តុកទុក និងឥទ្ធិពលលើអាមីឡូស និងសីតុណ្ហភាពអន្ធិលកម្មនៃអង្ករអ៊ីអ៊ែរ ៦៦ ផ្ការំដេង និងខា១ (Record no. 1255)

000 -LEADER
fixed length control field 00778nam a22001337a 4500
040 ## - CATALOGING SOURCE
Transcribing agency RUA
082 ## - DEWEY DECIMAL CLASSIFICATION NUMBER
Classification number AGR RIN 2013 B054 Or.1
100 ## - MAIN ENTRY--AUTHOR NAME
Personal name RIN, SORIYA.
245 ## - TITLE STATEMENT
Title Storage conditions and its effect on amylose content and gelatinization temperature of three rice varieties IR 66 phka romdeng and car1 លក្ខខណ្ឌនៃការស្តុកទុក និងឥទ្ធិពលលើអាមីឡូស និងសីតុណ្ហភាពអន្ធិលកម្មនៃអង្ករអ៊ីអ៊ែរ ៦៦ ផ្ការំដេង និងខា១
260 ## - PUBLICATION, DISTRIBUTION, ETC. (IMPRINT)
Place of publication Phnom Penh
Name of publisher RUA
Year of publication 2013
300 ## - PHYSICAL DESCRIPTION
Number of Pages viii; 39p.
Other physical details ill.
Dimensions 29cm.
856 ## - ELECTRONIC LOCATION AND ACCESS
Uniform Resource Identifier https://drive.google.com/file/d/1hK3IdxT3q2wkhveXLJZModUPEINuiK3C/view?usp=sharing
942 ## - ADDED ENTRY ELEMENTS (KOHA)
Koha item type AGR
952 ## - LOCATION AND ITEM INFORMATION (KOHA)
Withdrawn status [LOCAL, KOHA] 0
952 ## - LOCATION AND ITEM INFORMATION (KOHA)
Withdrawn status [LOCAL, KOHA] 0
952 ## - LOCATION AND ITEM INFORMATION (KOHA)
Withdrawn status [LOCAL, KOHA] 0
952 ## - LOCATION AND ITEM INFORMATION (KOHA)
Withdrawn status [LOCAL, KOHA] 0
952 ## - LOCATION AND ITEM INFORMATION (KOHA)
Withdrawn status [LOCAL, KOHA] 0
952 ## - LOCATION AND ITEM INFORMATION (KOHA)
Withdrawn status [LOCAL, KOHA] 0
952 ## - LOCATION AND ITEM INFORMATION (KOHA)
Withdrawn status [LOCAL, KOHA] 0
952 ## - LOCATION AND ITEM INFORMATION (KOHA)
Withdrawn status [LOCAL, KOHA] 0
Holdings
Permanent Location Date acquired Koha item type Lost status Shelving location Barcode Current Location Full call number
Library Block B2015-09-25AGR B054RUA004924Library Block BAGR RIN 2013 B054 Or.1
Library Block B2015-09-25AGR B054RUA004711Library Block BAGR RIN 2013 B054 Or.2
Library Block B2015-09-25AGR B054RUA004710Library Block BAGR RIN 2013 B054 Or.3
Library Block B2015-09-25AGR B054RUA004625Library Block BAGR RIN 2013 B054 Or.4
Library Block B2015-09-25AGR B054RUA005393Library Block BAGR RIN 2013 B054 Or.5
Library Block B2015-09-25AGR B054RUA004976Library Block BAGR RIN 2013 B054 Or.6
Library Block B2015-09-25AGR B054RUA005465Library Block BAGR RIN 2013 B054 Or.7
Library Block B2015-09-25AGR B054RUA004997Library Block BAGR RIN 2013 B054 Or.8
មជ្ឈមណ្ឌលឯការនៃសាកលវិទ្យាល័យភូមិន្ទកសិកម្មចំការដូង

Powered by Koha